000 00680nam a2200265Ia 4500
005 20260121172241.0
008 008 260114s9999 xx 000 0 eng d
020 _a9783030409470
037 _aEBOOK
040 _aCRL
040 _beng
040 _cCRL
041 _2eng
041 _aeng
084 _qCRL
100 _aDenis Fisette, Guillaume Fréchette, Friedrich Stadler
_91086139
245 0 _aFranz Brentano and Austrian Philosophy
260 _bSpringer
260 _bSpringer
260 _c2020
856 _uhttps://link.springer.com/openurl?genre=book&isbn=978-3-030-40947-0
942 _cEBOOK
999 _c1651876
_d1651876